000 01085nam a22003497a 4500
001 BR0204250
003 BR-BrBNA
005 20230928101135.0
007 ta
008 230509b bl.||||| |||| 00| 0 por d
040 _aBR-BrBNA
_bpor
_cBiblioteca Nacional de Agricultura
041 _a(Por)
072 _aN01
090 _ N01 BR0204250
110 1 _aSociedade Brasileira de Engenharia Agrícola, Viçosa, MG (Brasil)
_99709
110 1 _aUniversidade Federal de Viçosa, MG (Brasil)
111 1 _a24. Congresso Brasileiro de Engenharia Agrícola
_cViçosa, MG (Brazil)
_d1995
245 1 _a24. Congresso Brasileiro de Engenharia Agrícola; resumos
260 3 _aViçosa, MG (Brasil):
_c1995.
300 _a520 p.
500 _aSummary only
650 _aENGENHARIA AGRÍCOLA
650 _aCONSTRUÇÃO RURAL
650 _aMÁQUINA AGRÍCOLA
650 _aTECNOLOGIA AGRÍCOLA
650 _aTOPOGRAFIA
650 _aSENSORIAMENTO REMOTO
650 _aSANEAMENTO RURAL
650 _aCONTROLE AMBIENTAL
909 _a202309
_bLucia
_c55
_dLucia Elande
942 _cBK
999 _c64437
_d64437